000 00276nam a22001097a 4500
008 170110b xxu||||| |||| 00| 0 eng d
020 _a9780071442121
041 _aeng
080 _a618.2
245 _aEMERGENCY MEDICINE DECISION MAKING
_cWEINGART, S & WYER, P
942 _2udc
_cBK
999 _c2653
_d2653